• 首页
  • 本馆介绍
  • 公告通知
  • 最新文献
  • 馆藏检索
  • 电子资源
  • 读者导购
  • 参考咨询
  • 我的图书馆
  • 登录
  • 详细信息显示
  • 放入我的书架
  • 预约/预借图书
  • 作者相关作品
  • 分类相关作品
  • 丛书相关作品
  • 出版社相关作品

书目信息

  • 表格格式
  • 工作单格式
  • 卡片格式
题名:
3小时读懂元朝
    
 
作者: 姜若木 编著
分册:  
出版信息: 北京   京华出版社  2011
页数: 215页
开本: 24cm
丛书名:
单 册:
中图分类: K247.09
科图分类:
主题词: 元代--历史--普及读物
电子资源:
ISBN: 978-7-5502-0193-4
000 00782nam0 2200229 450
001 2374226054
005 20231129035033.24
010    @a978-7-5502-0193-4@dCNY58.00
100    @a20110821d2011 em y0chiy50 ea
101 0  @achi
102    @aCN@b110000
105    @aa z 000yy
200 1  @a3小时读懂元朝@A3 xiao shi du dong yuan chao@f姜若木编著
210    @a北京@c京华出版社@d2011
215    @a215页@c图@d24cm
300    @a“一目了然速读史”系列
330    @a本书讲述了元朝最具影响力的历史事件和历史人物,内容包括:成吉思汗统一蒙古、蒙古帝国、忽必烈建立元朝、忽必烈统治时期的元朝、元朝的中期统治、帝国的丧钟等。
606 0  @a元代@x历史@j普及读物
690    @aK247.09@v4
701  0 @a姜若木@Ajiang ruo mu@4编著
801  0 @aCN@b91MARC@c20130904
905    @aZUCC@dK247.09@e11
    
    3小时读懂元朝/姜若木编著.-北京:京华出版社,2011
    215页:图;24cm
    “一目了然速读史”系列
    
    ISBN 978-7-5502-0193-4:CNY58.00
    本书讲述了元朝最具影响力的历史事件和历史人物,内容包括:成吉思汗统一蒙古、蒙古帝国、忽必烈建立元朝、忽必烈统治时期的元朝、元朝的中期统治、帝国的丧钟等。
●
相关链接 在五车中查询图书 在当当中查询图书 在豆瓣中查询图书


正题名:3小时读懂元朝     索取号:K247.09/11         预约/预借

序号 登录号 条形码 馆藏地/架位号 状态 备注
1 2001004183   2001004183   第四书库/四34架A面4层6列/ [索取号:K247.09/11] 在馆    
2 2001004184   2001004184   第四书库/四34架A面4层6列/ [索取号:K247.09/11] 在馆    
3 2001004185   2001004185   第四书库/四34架A面4层6列/ [索取号:K247.09/11] 在馆    
4 2001004186   2001004186   培训中心一楼图书角/四34架A面4层6列/ [索取号:K247.09/11] 在馆    
5 2001004187   2001004187   培训中心一楼图书角/四34架A面4层6列/ [索取号:K247.09/11] 在馆    
6 2001004188   2001004188   培训中心一楼图书角/四34架A面4层6列/ [索取号:K247.09/11] 在馆    
山东省滨州职业学院图书馆 欢迎您!
大连网信软件有限公司© 版权所有